Serie A 2026/27 - nagła śmierć - Statystyki

Ogólne statystyki
  • Ten quiz został rozwiązany 30 razy
  • Średni wynik to 13 z 20
Answers on the Grid
Answers color-coded by a green-red scale on the quiz's grid according to % correct below.
US Sassuolo
Juventus Turyn
AC Monza
Palermo FC
AC Milan
Genoa CFC
Spezia Calcio
Hellas Werona
US Lecce
Parma FC
Empoli FC
FC Südtirol
Frosinone Calcio
Venezia FC
UC Sampdoria
SSC Napoli
Atalanta BC
AS Roma
US Avellino
Udinese Calcio
SS Juve Stabia
US Catanzaro
Calcio Catania
SS Lazio
Inter Mediolan
Benevento Calcio
Como 1907
US Cremonese
Bologna FC
Pisa SC
Torino FC
Cagliari Calcio
ACF Fiorentina
 
Statystyki odpowiedzi
Odpowiedź % Poprawnych
AS Roma
80%
SSC Napoli
80%
Inter Mediolan
76%
Juventus Turyn
76%
SS Lazio
76%
AC Milan
72%
Bologna FC
72%
Como 1907
72%
Atalanta BC
68%
Parma FC
68%
Torino FC
68%
ACF Fiorentina
64%
Udinese Calcio
64%
Genoa CFC
60%
US Sassuolo
60%
Cagliari Calcio
52%
US Lecce
44%
AC Monza
40%
Venezia FC
40%
Frosinone Calcio
24%
Nie znaleziono quizów pasujących do podanych kryteriów
Rozkład punktacji
Procent ludzi z każdym wynikiem
Percentyl według liczby udzielonych odpowiedzi
Twoja historia wyników
Nie rozwiązałeś tego quizu